Statistics for behavioral sciences

Bibliographic Details
Main Authors: Fallik, Fred (Author), Down, Bruce (Author)
Format: Book
Language:English
Published: Homewood, Illinois : The Dorsey Press 1983
Subjects:

MARC

LEADER 00000cam a2200000 7i4500
001 0000002977
005 20240926.0
008 991201 ilu a eng
020 |a 0256024057 
040 |a INS   |b eng   |e rda 
090 0 0 |a BF39.   |b F195 1983 
100 1 |a Fallik, Fred ,   |e author 
245 1 0 |a Statistics for behavioral sciences   |c Fred Fallik, Bruce Brown 
264 1 |a Homewood, Illinois :   |b The Dorsey Press   |c 1983 
300 |a xxxiii, 538 pages :   |b illustrations ;   |c 28 cm. 
336 |a text  |2 rdacontent 
337 |a unmediated  |2 rdamedia 
338 |a volume  |2 rdacarrier 
504 |a Includes bibliographical references and index 
650 0 |a Social sciences 
700 1 |a Down, Bruce ,   |e author 
999 |a 0000001620   |b BOOK   |c Open Shelf   |e Default branch 
999 |a 0000001621   |b BOOK   |c Open Shelf   |e Default branch